Normal view
MARC view
- الامبراطورية العثمانية-الامبراطورية العثمانية-تأسيس 1481م- التاريخ
Entry Topical Term
001 - CONTROL NUMBER
- control field: 60539
003 - CONTROL NUMBER IDENTIFIER
- control field: JO-AjAnu
005 - DATE AND TIME OF LATEST TRANSACTION
- control field: 20230606083908.0
008 - FIXED-LENGTH DATA ELEMENTS
- fixed length control field: 230606|| aca||aabn | a|a d
040 ## - CATALOGING SOURCE
- Original cataloging agency: JO-AjAnu
- Transcribing agency: JO-AjAnu
150 ## - HEADING--TOPICAL TERM
- Topical term or geographic name entry element: الامبراطورية العثمانية-الامبراطورية العثمانية-تأسيس 1481م- التاريخ
670 ## - SOURCE DATA FOUND
- Source citation: Work cat.: (JO-AjAnu)30872: فريد، محمد بك, author 60538, تاريخ الدولة العلية العثمانية